Kto Zagrał na Euro 2024? #3: CHORWACJA - Statystyki

Ogólne statystyki
  • Ten quiz został rozwiązany 48 razy
  • Średni wynik to 8 z 11
Statystyki odpowiedzi
Pozycja Klub Zawodnik % Poprawnych
ŚP Real Madryt Luka Modric
98%
LO Man City Josko Gvardiol
89%
BR Fenerbahce Dominik Livakovic
87%
LS Hajduk Ivan Perisic
80%
ŚPD Al Nassr Marcelo Brozovic
80%
ŚP Man City Mateo Kovacic
80%
N Hoffenheim Andrej Kramaric
76%
PO Leverkusen Josip Stanisic
58%
PS Wolfsburg Lovro Majer
51%
ŚO Ajax Josip Sutalo
42%
ŚO Lecce Marin Pongracic
22%
Nie znaleziono quizów pasujących do podanych kryteriów
Rozkład punktacji
Procent ludzi z każdym wynikiem
Percentyl według liczby udzielonych odpowiedzi
Twoja historia wyników
Nie rozwiązałeś tego quizu